000 00642nam a2200241 i 4500
001 C2-0313703
003 PPAK
005 20180728105431.0
008 111123s2011 my |||| ||||| | may d
020 _a9789674080099
040 _aPPAK
_beng
_cPPAK
_erda
082 0 4 _a899.233
_223
090 0 0 _a899.233
_bMAY
_dG
100 0 _aMaya Iris,
_eauthor
245 1 0 _aMahar cinta cinderella
264 1 _aBatu Caves, Selangor :
_bPTS Litera Utama ,
_c2011
300 _a393 pages ;
_c19 cm
336 _2rdacontent
_atext
337 _2rdamedia
_aunmediated
338 _2rdacarrier
_avolume
650 1 0 _aMalay fiction.
942 _ddc
_cB
999 _c115374
_d115374